header

Heavy traffic (Record no. 41273)

MARC details
000 -LEADER
fixed length control field 01399nam a2200349Ia 4500
082 04 - DEWEY DECIMAL CLASSIFICATION NUMBER
Classification number 388.3/24/097
100 1# - MAIN ENTRY--AUTHOR NAME
Personal name Madar, Daniel,
245 10 - TITLE STATEMENT
Title Heavy traffic
260 ## - PUBLICATION, DISTRIBUTION, ETC. (IMPRINT)
Place of publication East Lansing, Mich. :
Name of publisher Michigan State University Press,
Year of publication 2000.
300 ## - PHYSICAL DESCRIPTION
Number of Pages 240 p.
650 #0 - SUBJECT ADDED ENTRY--TOPICAL TERM
Topical Term Trucking
Topical Term Trucking
Topical Term Trucking
Topical Term Free trade
856 40 - ELECTRONIC LOCATION AND ACCESS
Uniform Resource Identifier http://site.ebrary.com/lib/rucke/Doc?id=10227186

No items available.

© 2026 Rongo University
Contact us: librarian | system librarian | Rongo university